000 00210 a2200097 4500
001 3520
100 _aLumby, E.W.R
245 _aTransfer of power in India 1945-7
260 _a
_bAllen
_c
090 _c2785
_d2785
942 _aNUST-CAE
_cM
_c19835
999 _c238593
_d238593